| 000 | 02048nam0a2200361 i 4500 | ||
|---|---|---|---|
| 001 | RU\NLR\BIBL_A\011097477 | ||
| 005 | 20241101210804.0 | ||
| 010 | _a9785437700556 | ||
| 021 |
_aRU _b2016-20001 _91271 |
||
| 035 | _a(NILC)RuMoRGB-008245316 | ||
| 035 | _a(NLR Aleph) 011097477 | ||
| 090 |
_a11400476 _c11400476 |
||
| 100 | _a20160406d2016 um y0rusy50 ca | ||
| 101 | 0 | _arus | |
| 102 | _aRU | ||
| 105 | _aa|||j|||000yy | ||
| 200 | 1 |
_aКлассификация, товароведение и экспертиза мясных товаров для таможенных целей _eучебное пособие _eдля студентов высших учебных заведений, обучающихся по направлению подготовки (специальности) "Таможенное дело", ["Экономика", "Мировая экономика", "Менеджмент"] _fТ. М. Воротынцева, П. П. Веселова |
|
| 210 |
_aСанкт-Петербург _cТроицкий мост _d2016 |
||
| 215 |
_a124 с. _cил., табл. _d20 |
||
| 320 | _aБиблиогр.: с. 114-117 (46 назв.) | ||
| 606 | 1 |
_aМясо _jУчебные издания для высших учебных заведений _xТовароведение _91657778 _3RU\NLR\AUTH\66734183 |
|
| 606 |
_aМясо _xВетеринарно-санитарная экспертиза _9999857 _3RU\NLR\AUTH\6661227 |
||
| 606 | 1 |
_aМясо _jУчебные издания для высших учебных заведений _xТаможенный контроль _yРоссийская Федерация _92292476 _3RU\NLR\AUTH\6601600232 |
|
| 675 | _a637.5 | ||
| 686 | 1 | _aЛ92-9я73-1 | |
| 686 | 1 | _aХ621.165.203.1я73 | |
| 700 | 1 |
_aВоротынцева _bТ. М. _gТатьяна Михайловна |
|
| 701 | 1 |
_aВеселова _bП. П. _gПелагея Павловна |
|
| 801 | 0 |
_aRU _bРГБ _c20160315 _gRCR |
|
| 942 | _cBOOK | ||
| 980 | _aNBR | ||